Southville International School and Colleges
Your cart is empty.
  • Cart
  • Lists
    Public lists Eva Luna New books Lux_list list_1
    Your lists Log in to create your own lists
  • Log in to your account
  • Your cookies
  • Search history
Southville International School and Colleges
  • Advanced search
  • Recent comments
  • Most popular
  • Libraries

Log in to your account

Log in with GOOGLE


If you do not have an external account, but do have a local account, you can still log in:

  1. Home
  2. MARC view: 101 solutions for school counselors and leaders in challenging times /
Normal view MARC view ISBD view

101 solutions for school counselors and leaders in challenging times / (Record no. 275907)

[ view plain ]
MARC details
000 -LEADER
fixed length control field 01293cam a2200313 i 4500
001 - CONTROL NUMBER
control field 17847596
005 - DATE AND TIME OF LATEST TRANSACTION
control field 20140926155809.0
008 - FIXED-LENGTH DATA ELEMENTS--GENERAL INFORMATION
fixed length control field 130812s2013 cau b 001 0 eng
010 ## - LIBRARY OF CONGRESS CONTROL NUMBER
LC control number 2013027232
020 ## - INTERNATIONAL STANDARD BOOK NUMBER
International Standard Book Number 9781452274478 (alk. paper)
040 ## - CATALOGING SOURCE
Original cataloging agency DLC
Language of cataloging eng
Transcribing agency DLC
Description conventions rda
Modifying agency DLC
042 ## - AUTHENTICATION CODE
Authentication code pcc
043 ## - GEOGRAPHIC AREA CODE
Geographic area code n-us---
050 00 - LIBRARY OF CONGRESS CALL NUMBER
Classification number LB 1027.5
Item number .C45 2014
082 00 - DEWEY DECIMAL CLASSIFICATION NUMBER
Classification number 371.4/22
100 1# - MAIN ENTRY--PERSONAL NAME
Personal name Chen-Hayes, Stuart.
245 10 - TITLE STATEMENT
Title 101 solutions for school counselors and leaders in challenging times /
Statement of responsibility, etc Stuart F. Chen-Hayes, Melissa S. Ockerman, E. C. M. Mason.
246 3# - VARYING FORM OF TITLE
Title proper/short title One hundred one solutions for school counselors and leaders in challenging times
246 3# - VARYING FORM OF TITLE
Title proper/short title One hundred and one solutions for school counselors and leaders in challenging times
260 ## - PUBLICATION, DISTRIBUTION, ETC. (IMPRINT)
Place of publication, distribution, etc U.S.A. :
Name of publisher, distributor, etc Corwin,
Date of publication, distribution, etc c2014.
300 ## - PHYSICAL DESCRIPTION
Extent xx, 355 pages ;
Dimensions 26 cm
504 ## - BIBLIOGRAPHY, ETC. NOTE
Bibliography, etc Includes bibliographical references (pages 301-314) and index.
650 #0 - SUBJECT ADDED ENTRY--TOPICAL TERM
Topical term or geographic name as entry element Educational counseling
Geographic subdivision United States
Form subdivision Handbooks, manuals, etc.
650 #0 - SUBJECT ADDED ENTRY--TOPICAL TERM
Topical term or geographic name as entry element School administrators
Geographic subdivision United States
Form subdivision Handbooks, manuals, etc.
650 #0 - SUBJECT ADDED ENTRY--TOPICAL TERM
Topical term or geographic name as entry element Educational leadership
Geographic subdivision United States
Form subdivision Handbooks, manuals, etc.
906 ## - LOCAL DATA ELEMENT F, LDF (RLIN)
a 7
b cbc
c orignew
d 1
e ecip
f 20
g y-gencatlg
942 ## - ADDED ENTRY ELEMENTS (KOHA)
Source of classification or shelving scheme Library of Congress Classification
Koha item type Books
Call number prefix Foreign
Holdings
Withdrawn status Lost status Source of classification or shelving scheme Damaged status Home library Current library Shelving location Date acquired Source of acquisition Cost, normal purchase price Total Checkouts Full call number Barcode Date last seen Price effective from Koha item type
    Library of Congress Classification   College Library College Library Reserve Section 09/26/2014 Library Fund 3127.00   LB 1027.5 .C45 2014 C18694 05/15/2018 09/26/2014 Books

101 solutions for school counselors and leaders in challenging times /

APA

Chen-Hayes S., . (2014). 101 solutions for school counselors and leaders in challenging times. U.S.A: Corwin.

Chicago

Chen-Hayes Stuart, . 2014. 101 solutions for school counselors and leaders in challenging times. U.S.A: Corwin.

Harvard

Chen-Hayes S., . (2014). 101 solutions for school counselors and leaders in challenging times. U.S.A: Corwin.

MLA

Chen-Hayes Stuart, . 101 solutions for school counselors and leaders in challenging times. U.S.A: Corwin. 2014.

  • Place hold
  • Print
  • Cite
  • Add to your cart (remove)
  • Save record
    BIBTEX Dublin Core MARCXML MARC (non-Unicode/MARC-8) MARC (Unicode/UTF-8) MARC (Unicode/UTF-8, Standard) MODS (XML) RIS
  • More searches
    Search for this title in:
    Other Libraries (WorldCat) Other Databases (Google Scholar) Online Stores (Bookfinder.com) Open Library (openlibrary.org)

Exporting to Dublin Core...

SOUTHVILLE LIBRARY

Southville International School and Colleges Library

1281 Tropical Ave. Cor. Luxembourg St., BF Homes International, Las Pinas City

Tel. No. 8256374 / 252358 Loc. 117/146

Powered by Koha